MARC

Tag First Indicator Second Indicator Subfields
LEADER 00000cam a2200000 i 4500
001 in00003420105
005 20210312122834.0
006 m o d f
007 cr m||||||||||
008 130905s2013 dcu o f000 0 spa c
035 |a (OCoLC)ocn857670975 
042 |a pcc 
043 |a n-us--- 
040 |a GPO  |b eng  |e rda  |e pn  |c GPO  |d MvI 
041 1 |a spa  |h eng 
049 |a WWW 
074 |a 0512-A-01 (online) 
086 0 |a HE 22.2:SM 1/2/SPAN. 
110 2 |a Centers for Medicare & Medicaid Services (U.S.),  |e author. 
240 1 0 |a How the SHOP Marketplace works 
245 1 0 |a ¿Cómo funciona el Mercado de Seguros SHOP? 
264 1 |a [Washington, D.C.] :  |b Department of Health & Human Services, [Centers for Medicare & Medicaid Services],  |c 2013. 
300 |a 1 online resource (1 unnumbered page) 
336 |a text  |b txt  |2 rdacontent 
337 |a computer  |b c  |2 rdamedia 
338 |a online resource  |b cr  |2 rdacarrier 
500 |a Title from title screen (viewed Sept. 5, 2013). 
500 |a "Junio 2013." 
500 |a Health Insurance Marketplace is a government website managed by the Centers for Medicare & Medicaid Services. It is a new way to find health coverage by simplifying your search and gathering all the options in one place. 
500 |a "CMS producto no. 11670-S." 
650 0 |a Small business  |x Employees  |x Insurance requirements  |z United States. 
650 0 |a Employer-sponsored health insurance  |z United States. 
610 1 0 |a United States.  |t Patient Protection and Affordable Care Act. 
856 4 0 |u https://purl.fdlp.gov/GPO/gpo39676  |t 0 
856 4 0 |u http://purl.fdlp.gov/GPO/gpo39676  |t 0 
999 f f |s 4389e86a-958d-30ff-85e8-67ecdedb298d  |i a188b971-db4e-380c-9c64-332b2768dac5  |t 0 
952 f f |a Texas A&M University  |b College Station  |c Electronic Resources  |d Available Online  |t 0  |e HE 22.2:SM 1/2/SPAN  |h Superintendent of Documents classification 
998 f f |a HE 22.2:SM 1/2/SPAN  |t 0  |l Available Online